[Event "RUS-chT 05th"]
[Site "Maikop"]
[Date "1998.06.13"]
[Round "11"]
[White "Kozak, Alexander"]
[Black "Bratchenko, Alexander"]
[Result "1/2-1/2"]
[WhiteElo "2365"]
[BlackElo "2355"]
[Annotator "Finkel,A"]
[PlyCount "59"]
[EventDate "1998.06.03"]
[EventType "team-tourn"]
[EventRounds "11"]
[EventCountry "RUS"]
[SourceTitle "CBM 066"]
[Source "ChessBase"]
[SourceDate "1998.09.30"]
[SourceVersion "1"]
[SourceVersionDate "1998.09.30"]
[SourceQuality "1"]
[WhiteTeam "Elista Uralan"]
[BlackTeam "Cherepovets Severstal"]
[WhiteTeamCountry "RUS"]
[BlackTeamCountry "RUS"]

1. e4 Nf6 2. e5 Nd5 3. c4 Nb6 4. c5 {Quiet rare continuation and frankly
speaking not without a reason:with this move white hardly can hope to get any
opening advantage.} Nd5 5. Bc4 (5. Nc3 $5) 5... e6 6. d4 b6 7. cxb6 axb6 8. Nc3
c6 {Another possibility promising black good chanses in forthcominh struggle is
} (8... Nxc3 $5 9. bxc3 d5 (9... Bb7 10. Nf3 Be7 11. O-O O-O 12. Re1 d6 (12...
Nc6 $5 13. Qe2 $6 Na5 14. Bd3 Nb3 15. Rb1 Nxc1 16. Rbxc1 Ra3 $132 {Nisula,
T-Pessi,J/Taraus op 1989 (23)}) 13. Bb3 Nd7 14. exd6 Bxd6 15. Bc2 Nf6 16. Ne5
c5 $13 {Von Herman,B-Barthel,B/BLW9394 1994 (50)}) (9... Ba6 $5 10. Bxa6 (10.
Bb3 $6 Nc6 11. Qg4 d6 12. f4 g6 13. Ne2 d5 $15 {Mandl,R-Miltner,A/Birkenfeld
Elo 1983 (37)}) 10... Rxa6 11. Nf3 Be7 12. O-O O-O 13. Qd3 d6 14. Bf4 Ra5 {
1/2-1/2 Novak,I-Ambroz,J/CSR-ch 1978}) 10. exd6 Bxd6 11. Nf3 Ba6 12. Bxa6 Rxa6
13. O-O O-O 14. Re1 Nd7 $11 {Hohlfeld,W-Woelk,S/RLNN 1990 (34)}) 9. Nh3 $5 (9.
Nf3 Be7 10. O-O Ba6 11. Bxa6 Nxa6 12. a3 O-O 13. Qd3 Nac7 14. Ne4 f5 $132 {
Jahn,C-Lelchuk,Z/Dresden-W 1990 (22)}) 9... Ba6 $6 {More accurate was} (9...
Nxc3 $5 10. bxc3 Ba6) 10. Bxa6 Nxa6 11. O-O {Missing an opportunity to get
slightly better chanses after} (11. Nxd5 $5 cxd5 (11... exd5 12. O-O d6 13. Bg5
Be7 14. Qc1 $5 $14) 12. O-O d6 13. Bf4 dxe5 (13... Be7 14. Qg4) 14. Bxe5 Nb4
15. Qb3 $14 {and black has some problems with development.}) 11... Nxc3 12.
bxc3 b5 $6 (12... d6 13. Qf3 Qc7 14. Bf4 Rd8 15. Qg3 $5 $14) 13. a4 Nc7 (13...
bxa4 14. Rxa4 d5 15. exd6 Bxd6 16. Qe2 $14) 14. Bg5 $36 Qc8 15. axb5 cxb5 16.
Qf3 $1 $14 Rb8 17. Bd2 $1 {Defending the pawn on c3.} Be7 18. Qg3 g6 19. Bh6 ({
More dngerous for black was} 19. Bg5 $5 {[%csl Rd6,Rf6]} Bxg5 (19... Nd5 20.
Bxe7 Kxe7 21. Qh4+ Ke8 22. Ng5 $16) 20. Nxg5 Nd5 21. Ne4 O-O 22. Ra7 $14 {
with pressure.}) 19... Nd5 20. Rfc1 (20. Rac1 $5 Qc6) 20... Ra8 21. Rxa8 Qxa8
22. Nf4 $6 {Without the knights white doesn't have a chanse to breakthrough so
deserved attention} (22. Ng5 $5 f5 (22... Bxg5 23. Qxg5 Qc6 24. Qg3 $36 {
[%cal Gh2h4,Gc1a1]}) 23. exf6 Nxf6 24. h3 $14 {and black's defensive task is
still not so easy.}) 22... Rg8 23. Nxd5 (23. Nd3 $5) 23... Qxd5 24. Bg5 (24.
Ra1 f6 25. Bf4 Kf7 26. Qh3 h5 $132) 24... Bxg5 25. Qxg5 Qa2 $1 $11 {Taking
control over the a-file.} 26. h4 h5 27. Re1 Qb2 28. Qe3 {Accepting the fact
that the draw is inevitable.} (28. Re3 $5 Qb1+ 29. Kh2 Qf5 30. Qxf5 $6 (30. Qg3
$5 $11) 30... exf5 $1 (30... gxf5 31. Rg3 Rh8 (31... Rg6 $2 32. Rxg6 fxg6 33.
Kg3 Ke7 34. Kf4 $18) 32. Rg5 Ke7 33. d5 exd5 34. Rxf5 Rc8 $132) 31. d5 Ke7 32.
Kg3 Rc8 $15) 28... Kf8 29. Qh6+ Ke8 30. Qe3 1/2-1/2

[Event "POL-ch"]
[Site "Warsaw"]
[Date "2004.04.27"]
[Round "4"]
[White "Jakubiec, Artur"]
[Black "Jakubowski, Krzysztof"]
[Result "1-0"]
[WhiteElo "2532"]
[BlackElo "2492"]
[Annotator "Finkel,A"]
[PlyCount "65"]
[EventDate "2004.04.24"]
[EventType "tourn"]
[EventRounds "13"]
[EventCountry "POL"]
[EventCategory "12"]
[SourceTitle "CBM 101"]
[Source "ChessBase"]
[SourceDate "2004.07.27"]
[SourceVersion "1"]
[SourceVersionDate "2004.07.27"]
[SourceQuality "1"]

1. e4 d5 2. exd5 Nf6 3. Nc3 {This continuation is not supposed to cause black
any problems in the opening, but to deviate from the theory.} Nxd5 4. Bc4 e6 5.
Qf3 Nb6 6. Bb3 a5 {I have to admit that bringing rook into play via a5 looks a
bit artificial to me, but it's just a matter of taste.} (6... Nc6 7. Nge2 g6 $6
(7... Be7 8. a3 O-O 9. O-O Ne5 10. Qe4 Ng6 11. d4 Nd7 12. Rd1 Nf6 13. Qd3 b6
14. Ne4 Bb7 15. Nxf6+ Bxf6 $11 {Hickl,J-Bischoff,K/Munich 1992}) 8. d3 Bg7 9.
Bf4 Nb4 10. Qg3 N4d5 11. Nxd5 Nxd5 12. Bxd5 Qxd5 13. Nc3 Qc6 14. O-O b6 15.
Bxc7 $14 {1/2-1/2 Roos,D-Bischoff,K/Zug 1983}) (6... Bd7 7. Nge2 Bc6 8. Qg3 Qf6
9. d3 Bd6 10. Bf4 e5 11. Bg5 Qg6 12. O-O-O N8d7 $13 {Klimentov,R-Romanovich,L/
Decin 1996}) (6... c5 7. d3 Nc6 8. Nge2 Be7 9. Qg3 O-O 10. Ne4 Kh8 11. Bg5 Nd5
12. Bxe7 Qxe7 13. Qd6 $14 {Galego,L-Sariego,W/Cienfuegos 1996}) 7. a3 Nc6 (7...
a4 8. Ba2 Bd7 9. d3 Bc6 10. Ne4 $6 N8d7 11. Ne2 Nc5 12. Qe3 Nxe4 13. dxe4 Qh4
14. Ng3 Bd6 $15 {Maximov,D-Khaetsky,R/Dnepropetrovsk 1999}) 8. Nge2 Be7 9. d3
O-O (9... a4 10. Ba2 Ra5 11. Qg3 O-O 12. Bh6 Bf6 13. O-O Ne7 14. Bd2 Nf5 $13 {
Kotan,L-Kerek,C/Miskolc 1999/EXT 2000}) 10. Be3 a4 11. Ba2 Ra5 (11... Nd7 12.
d4 Nf6 13. Rd1 Ra5 14. Nf4 Bd6 15. d5 $2 Ne5 16. Qe2 exd5 17. Nfxd5 Nxd5 18.
Nxd5 Ng4 $15 {Rosa,J-Borges,L/Americana 1999}) 12. d4 Bd6 $6 {[%csl Rd6]
Bishop is terribly placed on d6, since black has to cope with advance of the
c-pawn.} (12... Rf5 13. Qe4 Bd6 14. O-O-O Ne7 15. g4 Ra5 16. h4 Bd7 17. Rhg1
Bc6 $13) (12... Re8 13. O-O-O Bf8 14. g4 Ne7 15. Bd2 Ra8 16. h4 $14) 13. Ne4 {
[%cal Gc2c5] Simple and strong.} Ne7 (13... Re8 14. c4 Bf8 15. O-O-O $36 {
[%cal Gd4d5]}) 14. c4 $16 Rf5 15. Qh3 e5 {Desperately trying to get
counterplay, but white is well in control of the situation.} 16. g4 $1 exd4 17.
Bxd4 Re5 {The funny thing is black rook made a long way from a8 to be traded
for the white bishop!} 18. Bxe5 Bxe5 19. c5 Nbd5 ({Nothing changes} 19... Nd7
20. O-O-O $18) 20. O-O-O $18 c6 21. f4 Bb8 22. f5 Qa5 23. N2c3 Be5 24. Bxd5
cxd5 25. Nxd5 Nc6 26. Qd3 h6 27. Nb6 Bd4 28. Qc4 Be3+ 29. Kb1 Ne5 30. Qb4 Qa6
31. Nd6 Nd3 32. Qc3 Bxc5 33. Nbxc8 1-0

[Event "Dubai op 6th"]
[Site "Dubai"]
[Date "2004.04.20"]
[Round "2"]
[White "Dzhumaev, Marat"]
[Black "Mamedyarov, Shakhriyar"]
[Result "0-1"]
[WhiteElo "2512"]
[BlackElo "2657"]
[Annotator "Finkel,A"]
[PlyCount "58"]
[EventDate "2004.04.19"]
[EventType "swiss"]
[EventRounds "9"]
[EventCountry "UAE"]
[SourceTitle "CBM 101"]
[Source "ChessBase"]
[SourceDate "2004.07.27"]
[SourceVersion "1"]
[SourceVersionDate "2004.07.27"]
[SourceQuality "1"]

1. e4 Nf6 2. e5 Nd5 3. Bc4 {There is no doubt that white has better ways to
meet Alekhine defense, even though a move in the game also has a full right to
exist.} Nb6 4. Bb3 c5 5. d3 d5 6. exd6 (6. Nd2 Bf5 7. Ngf3 e6 8. O-O Be7 9. Qe2
O-O 10. a3 Nc6 11. Ba2 f6 $15 {Tomba,I-Al Buai Nain,F/Szeged 1994}) 6... e6 $5
{Intedning to take on d6 with the bishop.} (6... exd6 7. a4 $5 (7. Nf3 Be7 8.
O-O Nc6 9. c3 O-O 10. h3 Bf5 11. d4 Rc8 $11 {Becker,T-Biehler,T/Germany 1997})
7... Nc6 8. a5 Nd7 9. a6 Qe7+ 10. Be3 bxa6 11. Nc3 Nb6 12. Nge2 $16 {Znosko
Borovsky,E-Prokes,L/Budapest 1926}) 7. Qg4 {An attempt to prevent B:d6.} (7.
Nc3 Bxd6 8. Qg4 O-O 9. Bh6 Qf6 10. Ne4 Qxh6 11. Nxd6 Nc6 $11) 7... h5 $5 (7...
Nc6 8. Nc3 Qxd6 9. Nf3 Ne5 10. Qg3 Nxf3+ 11. Qxf3 Bd7 $13) 8. Qe2 Nc6 9. Nf3
Bxd6 10. Nc3 Bd7 11. Be3 (11. Ne4) 11... Na5 12. Ne4 Qc7 13. Nxd6+ Qxd6 14. Ng5
$5 (14. O-O Nxb3 15. axb3 Nd5 16. Ng5 Nxe3 17. Ne4 Qe5 18. Qxe3 b6 $13) 14...
Bc6 $5 15. Bxe6 $5 {Exploiting a poor position of the knight on a5.} (15. O-O)
15... fxe6 16. Bd2 Bxg2 17. Rg1 Nc6 ({Deserved attention} 17... Bd5 $5 18. Bxa5
Qxh2 19. O-O-O O-O $13 {with extremly complicated position, but it's not an
easy decision to take!} 20. Nxe6 $140 $2 Rxf2 21. Rxg7+ Kh8 $19) 18. Rxg2 Nd4
19. Qe4 O-O-O ({Of course not} 19... Nxc2+ $2 20. Kd1 Nxa1 21. Nxe6 {[%csl Re8]
and black seems to be in serious troubles:} c4 22. Qg6+ Kd7 23. Qxg7+ Kc6 24.
Nd4+ Kc5 25. Rg5+ Nd5 26. Bf4 $1 $18) 20. O-O-O Rd7 21. Bc3 $6 ({Missing a
chance to get very promising position after} 21. c3 $5 Nc6 22. Qxe6 Qxd3 23.
Ne4 $1 $36 {[%csl Rc5,Rg7]}) 21... Re8 22. Re1 Na4 23. Qg6 $6 (23. Bxd4 cxd4
24. Nxe6 $2 Qb4 $17) (23. Bd2 $5) 23... Ree7 24. Ne4 Qd5 25. b3 Nxc2 $1 $40 {
Offering white to take any knight that he likes, since black's attack is very
dangerous anyway.} 26. bxa4 (26. Rd1 Nb4 $1 27. Rg5 Nxa2+ 28. Kc2 e5 29. bxa4
Nb4+ $1 30. Bxb4 Qa2+ 31. Kc1 cxb4 $19) 26... Nxe1 27. Bxe1 Qxd3 28. Nc3 Qc4
29. Qxh5 (29. Qe4) 29... Qf1 0-1

[Event "Nordic-ch VISA"]
[Site "Reykjavik"]
[Date "1997.10.17"]
[Round "9"]
[White "Thorhallsson, Throstur"]
[Black "Gausel, Einar"]
[Result "0-1"]
[WhiteElo "2510"]
[BlackElo "2540"]
[Annotator "Finkel,A"]
[PlyCount "131"]
[EventDate "1997.10.08"]
[EventType "tourn"]
[EventRounds "13"]
[EventCountry "ISL"]
[EventCategory "10"]
[SourceTitle "CBM 062"]
[Source "ChessBase"]
[SourceDate "1998.01.31"]
[SourceVersion "1"]
[SourceVersionDate "1998.01.31"]
[SourceQuality "1"]

1. e4 Nf6 2. e5 Nd5 3. c4 Nb6 4. c5 {This variation is considered in theory as
leading to equality.The following game however may change this opinion} Nd5 5.
Nc3 Nxc3 6. dxc3 Nc6 7. Nf3 e6 8. Be3 b6 9. Bb5 (9. Qa4 $6 Bxc5 10. Bxc5 bxc5
11. Qg4 (11. O-O-O f6 $5 12. Bb5 Nxe5 13. Rhe1 O-O 14. Nxe5 fxe5 15. Bxd7 Qg5+
$15 {Cappello,R-Bagirov,V/Tunis 1979 (32)}) 11... O-O 12. Bd3 f5 13. Qf4 a5 14.
O-O-O Ba6 15. Bxa6 Rxa6 $17 {Phillips A-Dive Russell John/It (open), Hastings 
(England) 1995/0-1 (56)}) (9. cxb6 axb6 10. a3 f5 $5 11. exf6 Qxf6 12. Bg5 Qf7
13. Bd3 Ba6 14. c4 Bd6 $15 {Fogarasi,T-Bagirov,V/Budapest Spring op 1989 (50)})
9... Bb7 10. cxb6 axb6 11. O-O (11. Qd2 Be7 12. O-O O-O 13. Rfd1 d6 14. exd6
cxd6 15. Nd4 Ne5 16. Qe2 Qc7 $13 {Kalikova,J-Hallerova,E/CSR-chW Nymburk 1994 
(49)}) 11... Be7 12. Qd3 $5 O-O (12... Na7 $6 13. Ba4 Bxf3 14. gxf3 Nc6 15.
Bxc6 dxc6 16. Qe4 Qd5 17. Rfd1 Qxe4 18. fxe4 $14) 13. Rfd1 d5 14. exd6 cxd6 (
14... Bxd6 $2 15. Ng5 g6 16. Qe4 $1 Na7 17. Qh4 h5 18. Be2 $16) 15. Qe4 $1 Qc7
(15... d5 16. Qg4 Bf6 17. Bg5 $5 (17. Bxc6 $6 Bxc6 18. Bd4 Bxd4 $13) 17... Ne5
18. Nxe5 Bxg5 19. Nd7 f5 20. Qe2 Re8 21. Ne5 $14) 16. Qg4 $1 $36 Rad8 17. Bd3
Ne5 (17... f5 $2 18. Qc4 d5 19. Qb5 $1 $16) (17... d5 $2 18. Bh6 Bf6 19. Qh3 $3
$18) 18. Nxe5 dxe5 19. Qc4 $1 $14 {The queen made 4 out of last 7 moves of
white, which is quiet a rare ocasion on such an early stage of the game!
White's advantage is beyond any doubtes.} Qb8 $2 {Simply giving up the pawn,
while after} (19... Qxc4 $5 20. Bxc4 Rxd1+ 21. Rxd1 Rd8 22. Rxd8+ Bxd8 23. Bb5
$14 {black has very good drawing chanses.}) 20. Bxb6 $16 Rc8 21. Qb3 Qa8 22.
Bf1 {Black's pressure over the diagonal a8-h1 is easily neutralized,while
white's 3 passed pawns on the queenside is a real force.} Bc6 23. a4 h5 24. a5
h4 25. c4 (25. h3 $5) 25... f5 $1 {[%csl Rg2][%cal Gf8f6,Gf6g6,Ga8g2] The only
chance to create a counterplay.} 26. Qc3 Rf6 27. Qxe5 $1 $18 {Not being afraid
of ghosts!} Rg6 28. g3 Rf8 29. Be3 Qe8 30. Bf4 $6 {Permitting the black to get
some counterplay.} (30. Bg2 $6 Bxg2 31. Kxg2 Qc6+ 32. f3 Qxc4 $16) (30. a6 $1
Bf6 31. Qc5 Bxb2 32. Ra2 Bf6 33. a7 $18) 30... hxg3 31. fxg3 Bf6 32. Qc5 Bxb2
33. Bd6 (33. Rab1 $6 e5 $1 34. Rxb2 exf4 35. Rd3 Qe4 $1 {[%csl Rg3][%cal Gc6g2]
} 36. Rg2 f3 37. Rf2 f4 $132) 33... Bxa1 34. Bxf8 Bf6 35. Bd6 $16 {Inspite of
inaccuracy white still keeps huge advantage.} Rh6 {[%cal Ge8h5]} 36. Be2 $5 (
36. Be5 $6 Qh5 37. Rd2 Bg5 38. Rb2 Be4 (38... Be8) 39. Rb8+ Kh7 40. Rh8+ $1 Kg6
41. Rxh6+ Bxh6 42. Qf2 Qd1 $1 $14) 36... Bg5 37. Rb1 Kh7 38. Be5 (38. Rb8 $1
Qd7 39. a6 Be4 40. a7 Qa4 41. Be5 $1 Qc2 42. Rh8+ Kg6 43. Rxh6+ $18) 38... Be4
39. Rd1 $5 (39. Rb8 $5) 39... Be7 40. Qe3 $6 {From now on white starts to play
quiet strange(not to say bad)chess.} (40. Qc7 $1 $18 {[%csl Rg7]}) 40... Qa4 $1
$132 {Suddenly the position became not so simple.Black is threatening to play
Ba8,Qc6 and white has to give up a pawn to prevent it.} 41. Bc3 (41. Ra1 Qc2 $1
42. Re1 (42. a6 $2 Bc5 $1 43. Qxc5 Qxe2 44. Qf2 Qxc4 $17) 42... Bb4 43. Qg5 Rg6
44. Qh5+ Rh6 45. Qg5 $11) 41... Ba8 42. Rf1 Qc6 43. Bf3 Qxc4 44. Kg2 f4 $11 {
Now the position is equal and draw seems to be the most logical result,but the
life is full of suprises!} 45. Qe1 fxg3 46. hxg3 Qa2+ 47. Qd2 Bxf3+ 48. Rxf3
Qa4 49. Qd3+ $2 {Still trying to create problems to himself.} (49. Qd4 $5 Qc2+
50. Rf2 Qg6 51. a6 Bf6 52. Qe3 $1 (52. Rxf6 $2 gxf6 53. Qd7+ Kh8 54. Qc8+ Kg7
55. Qb7+ Qf7 $19) (52. Qc4 Qb1 $1) 52... Qg4 $6 53. Qd3+ Kh8 54. a7 Qh3+ 55.
Kf3 Qh5+ 56. Ke3 $16) (49. Bd4) 49... Kg8 50. Qd4 Qc2+ 51. Rf2 Qh7 $1 $17 52.
Qf4 $6 Rh2+ 53. Kg1 Rh1+ 54. Kg2 Qh3+ 55. Kf3 Qh5+ 56. Kg2 Bc5 $1 $19 {Now the
game is over.} 57. Bd4 Qh3+ 58. Kf3 Qh5+ 59. Kg2 Rd1 $1 60. Rf1 Rxf1 61. Kxf1
Qd1+ 62. Kg2 Qxd4 63. Qb8+ Kh7 64. Qb1+ g6 65. Qb7+ Kh6 66. a6 0-1

[Event "ARG-ch"]
[Site "Buenos Aires"]
[Date "1998.05.01"]
[Round "15"]
[White "Ginzburg, Maximiliano"]
[Black "Malbran, Guillermo"]
[Result "1/2-1/2"]
[WhiteElo "2470"]
[BlackElo "2355"]
[Annotator "Finkel,A"]
[PlyCount "112"]
[EventDate "1998.04.15"]
[EventType "tourn"]
[EventRounds "15"]
[EventCountry "ARG"]
[EventCategory "9"]
[SourceTitle "CBM 065"]
[Source "ChessBase"]
[SourceDate "1998.08.06"]
[SourceVersion "1"]
[SourceVersionDate "1998.08.06"]
[SourceQuality "1"]

{[%mdl 6240]} 1. e4 Nf6 2. e5 Nd5 3. c4 Nb6 4. c5 Nd5 5. Nc3 c6 (5... Nxc3 6.
dxc3) 6. Bc4 (6. Nxd5 cxd5 7. d4 d6 8. cxd6 exd6 $11) 6... d6 7. Qb3 Nd7 $8 8.
Nxd5 (8. d4 $2 dxc5 9. Nxd5 cxd5 10. Bxd5 e6 $17) 8... Nxc5 9. Nc7+ (9. Nf6+ $2
exf6 10. Bxf7+ Ke7 11. exf6+ gxf6 $19 {[%csl Rf7]}) 9... Kd7 $1 10. Qe3 Kxc7
$15 {At the moment white definitly has some compensation for a pawn,but
black's position is extremly solid and if black will successfully compleate
development his prospects will be better.} 11. d4 Be6 (11... d5 $5 12. dxc5 (
12. Be2 $6 Ne6 13. f4 g6 14. g4 h5 $17) 12... dxc4 13. Bd2 Kb8 14. O-O-O $44)
12. Be2 Nd7 13. Nf3 Bd5 14. O-O h6 $6 (14... e6 15. Ng5 Qe8 16. f4 g6 17. Ne4
Bxe4 18. Qxe4 Rc8 19. Bd2 $15) 15. b4 $5 $132 {Trying to develop the
initiative on the queenside.} dxe5 16. dxe5 e6 17. a3 g5 $6 18. Bb2 a6 {
Intending to play Rc8 and Kb8.} 19. Nd2 Rc8 20. Rfd1 Kb8 21. Ne4 $44 {Black's
play during the last couple of moves wasn't very convincing and now black is
the one who faces problems in this position.} Be7 22. Bd4 $5 Rf8 {[%cal Gf7f5]}
23. Rab1 f5 24. exf6 Nxf6 25. Nc5 {[%csl Re6]} Bd6 (25... Bxc5 $5 26. Bxc5 $5 (
26. bxc5 Ka8 27. Rb2 (27. Bxa6 $2 bxa6 28. Qe2 Rc7 (28... Qa5 $2 29. Rb6 Ka7
30. Rdb1 Qa4 31. Rb7+ Ka8 32. Qb2 $1 $18) 29. Be5 Ra7 30. Rb2 Nd7 31. Bd6 Re8
32. Rdb1 e5 $19) 27... Rc7 28. Be5 Rd7 29. Rdb1 $13) 26... Rf7 27. a4 Ne4 28.
Bb6 Qf6 29. b5 $13) 26. Nxe6 Bxe6 27. Qxe6 Qe7 28. Qxe7 (28. Qxd6+ $6 Qxd6 29.
Ba7+ Kxa7 (29... Kc7 $5 30. Rxd6 Kxd6 31. Bc5+ Ke5 32. Re1 Rfe8 33. Bg4+ Kf4
34. Be6 Rxe6 35. Rxe6 Kf5 36. Re7 Rd8 $11) 30. Rxd6 Rce8 31. Bd3 Rd8 32. Rxd8
Rxd8 $11) 28... Bxe7 29. Rb3 $14 {In the arising endgame white keeps some
advantage thanks to the pair of bishops.} Rcd8 30. Rbd3 Kc8 31. g3 Rd6 32. Re3
Bd8 33. Kg2 Rf7 {[%cal Gf7d7,Gd6d1]} 34. Bc5 Rxd1 35. Bxd1 Kd7 $6 (35... b6 $5
36. Bd6 $1 (36. Bd4 $5 Rd7 37. Bxf6 Rxd1 38. Bxd8 Kxd8 39. Re6 Kd7 40. Rxh6 $14
) 36... Rd7 37. Re6 Ne4 38. Bg4 $1 Kb7 39. Bf8 Nxf2 40. Bf3 $1 Rd2 41. Re2 $14)
36. Bb3 $16 Nd5 $5 37. Re5 Be7 38. Ba7 $6 {Inaccuracy depriving white wining
chanses.After correct} (38. Bxd5 cxd5 39. Rxd5+ Ke6 40. Rd3 Bxc5 41. bxc5 $16 {
black has to work very hard to make a draw.}) 38... Bd6 39. Bxd5 cxd5 40. Rxd5
Kc6 41. Rd3 (41. Rd4 b5 42. Bb6 h5 43. Bd8 g4 $14) 41... g4 42. Be3 h5 {
Now white's chanses to make progress are slim.} 43. h3 Be5 44. hxg4 hxg4 45. a4
(45. Bd4 $5 Rf3 46. Rd2 Bd6 47. Bb2 Rf5 48. Rd4 Rg5 49. Bc1 Rg6 50. a4 b5 51.
a5 $14) 45... b5 46. axb5+ (46. a5 $5) 46... axb5 47. Bc5 Bc7 48. Rd4 Rg7 49.
Kf1 Rg5 50. Ke2 Re5+ 51. Kd3 Rd5 52. Ke3 Re5+ 53. Re4 Kd5 $1 {Now the draw is
inevitable.} 54. Rxe5+ Kxe5 55. f3 Kf5 56. f4 Bd8 1/2-1/2